Assam Police through the Years (Record no. 178164)

MARC details
000 -LEADER
fixed length control field 00340nam a22001217a 4500
041 ## - LANGUAGE CODE
Language code of text/sound track or separate title eng
082 ## - DEWEY DECIMAL CLASSIFICATION NUMBER
Classification number R 350.740954162 ASS
245 ## - TITLE STATEMENT
Title Assam Police through the Years
Statement of responsibility, etc D. N. Dutt ...[ed. al]
260 ## - PUBLICATION, DISTRIBUTION, ETC. (IMPRINT)
Place of publication Guwahati
Name of publisher Assam Police Headquarters
Year of publication [19--?]
300 ## - PHYSICAL DESCRIPTION
Number of Pages various paging.;
Dimensions 27cm.
700 ## - ADDED ENTRY--PERSONAL NAME
Personal name Dutt, D. N. ed.
942 ## - ADDED ENTRY ELEMENTS (KOHA)
Koha item type Reference Book
Holdings
Withdrawn status Lost status Damaged status Collection code Home library Current library Shelving location Date acquired Full call number Accession Number Koha item type
      REFERENCE North Eastern Hill University North Eastern Hill University Reference 15/12/2021 R 350.740954162 ASS 339606 Reference Book